01623nam a2200349 a 4500001001000000003000500010005001700015008004100032010001100073011001100084040000900095090001000104100004300114245015700157260004100314500006000355502010900415590004100524590004000565590004000605590004000645600007500685600008500760650004000845856007000885901000700955942001000962942000600972999001900978952013600997952014001133000112552CHAP20220329144312.0160616s2016 mx sm |||||||spa d a109013 a109985 cCHAP aTesis1 aIglesias Casas, Esteban Manuel913091410aEstudio crítico de los métodos de investigación y exposición en Efraín Hernández Xolocotzih[En línea]cpor Esteban Manuel Iglesias Casas. aChapingo, Méx. :bEl autor,c2016. aPara ver el contenido del material haga clic en la liga aTesis (Ph.D. en Ciencias en Educación Agrícola Superior) -- UACH. Departamento de Sociología Rural aBATCH-UPDb05c20160616lUCH01h0926 aE5765TAJb05c20160616lUCH01h0925 aE5765TAJb05c20160616lUCH01h0945 aE5765TAJb05c20160616lUCH01h095314aHernández Xolocotzi, EfraímxCrítica e interpretación.913091614aHernández Xolocotzi, EfraímxInvestigación agrícolaxAnálisis.913091514aAgriculturaxInvestigación.91577 aFinding aiduhttp://10.13.5.2/tesis/sist112552.pdfzTeclea aquí aBK cTESIS n0 c109013d109013 00104054718TESISaBCbBCd2016-06-16fTESISl0oTesisp33724002523751r2019-12-31 00:00:00w2019-12-31yTESISzRecien adquirido 00102local4053708TESISaBCbBCcPA_TESISd2016-06-16fTESISl0oTesisp33724002523793r2019-12-31 00:00:00tc.2w2019-12-31yTESIS